000 00803nam a22002417a 4500
003 0
005 20251104104514.0
008 251104b xxu||||| |||| 00| 0 eng d
020 _a978-81-97953-24-8
050 _aP 94.5.P6
_b.R35 2025
100 _aRai, Ramesh,
_eauthor.
245 _aManufacturing consent :
_bthe political economy of the mass media /
_cRamesh Rai.
250 _aFirst edition.
260 _aNew Delhi, India :
_bVenus Books,
_c2025.
300 _aix, 418 pages :
_billustrations ;
_c24 cm.
504 _aIncludes bibliographical references and index.
650 _aMass media
_xPolitical aspects.
650 _aMass media
_xEconomic aspects.
650 _aCommunication
_xPolitical aspects.
650 _aPress and politics.
650 _aMass media policy.
942 _2lcc
_cBK
999 _c368446
_d368446